PM: Roman Houses Quiz Stats

 Plays Quiz not verified by Sporcle

Score 0/25 Timer 05:00
0 Plays Today
Part of House Latin Name % Correct
Single room of early Roman houseatrium
80.6%
Rectangular recesses on each side of the atrium, containing cabinets which contained imaginesalae
63.3%
Quadrilateral opening in the centre of the roofcompluvium
59.2%
Space hollowed into floor to hold rain waterimpluvium
57.1%
Dining roomtriclinium
52%
Common mosaic with this 'dog' warningcave canem
51%
Kitchenculina
48%
Open court at rear of tablinum, planted with flowers, trees, and stubs, usually with a fountain at the centre of the gardenperistylum
46.9%
Rooms for entertainment of large groupsoeci
45.9%
Heavy chest in tablinum/office, chained to the floor and containing valuablesarca
42.9%
Doorman kept on duty behind doorjanitor
40.8%
A back door of a Roman houseposticum
39.8%
Separation between street and house, an open court/ornamental pavementvestibulum
39.8%
Part of House Latin Name % Correct
Roman library roombibliotheca
39.8%
Sun deck, laid out as a garden with flowers and shrubssolarium
32.7%
Rooms with permanent seats, apparently for lectures, readings, or other entertainmentsexedrae
31.6%
The type of atrium perhaps lighted with clerestory windowstestudinatum
31.6%
Wall with small blocks of uniform size with a square outer faceopus reticulatum
29.6%
Roman floorpavimentum
28.6%
Bedroom used for daytime restcubiculum diurnum
27.6%
Cement wallOpus Caementicium
26.5%
Slave who looks after building and collects rents from those renting the houseinsularius
26.5%
Room with images of the godssacrarium
26.5%
Bedroom used for nightime restcubiculum nocturnum
24.5%
Cement combined with crushed terra cotta to make a waterproof lining for cisternsopus signinum
23.5%

You're not logged in!

Compare scores with friends on all Sporcle quizzes.
OR
Log In

Show Comments

Extras

Created Oct 18, 2010ReportNominate
Tags:Latin Quiz, house, roman

Top Quizzes Today


Score Distribution

Your Account Isn't Verified!

In order to create a playlist on Sporcle, you need to verify the email address you used during registration. Go to your Sporcle Settings to finish the process.

Report this User

Report this user for behavior that violates our Community Guidelines.

Details: